000 00897nam a2200265Ia 4500
003 OSt
005 20221005104406.0
006 a|||||r|||| 00| 0
007 ta
008 221004b |||||||| |||| 00| 0 hin d
024 _a107559
037 _cTextual
040 _aCRL
_cCRL
_bhin
041 _2hin
_ahin
082 _aO152:g, J6
100 _aमोहन लाल
245 0 _aप्रतिनिधि आलोचक
246 _aPratinidhi ālochaka
260 _aदिल्ली
_bभारती साहित्य मंदिर भारत
_c1963
300 _a258पृ0
_ccm.
650 _aहिन्दी साहित्य
700 _a गुप्त, सुरेशचन्द्र
942 _hO152:g, J6
_cTEXL
_2cc
999 _c1012571
_d1012571